|
|
|
|
| LEADER |
01467nam a2200313 a 4500 |
| 001 |
GR-Patra28584 |
| 003 |
GR-PaULI |
| 008 |
080722s2005 gr gz 000 0 gre d |
| 040 |
|
|
|a GrPaTEI
|b gre
|c GR-PaULI
|
| 040 |
|
|
|a GrPaTEI
|b gre
|c GR-PaULI
|
| 100 |
1 |
|
|a Στριμπάκος, Ιωάννης
|
| 245 |
1 |
0 |
|a Marketing και ηλεκτρονικό εμπόριο /
|c Φοιτητές: Στριμπάκος Ιωάννης, Τσαντιλάς Αναστάσιος ; Εισηγητής: Κόλλιας Κωνσταντίνος.
|
| 260 |
|
|
|a Πάτρα :
|b ΤΕΙ Πάτρας,
|c 2005
|
| 300 |
|
|
|a 204 σ. :
|b εικ. εγχ., σχ.
|
| 504 |
|
|
|a Βιβλιογραφία: σ. 203
|
| 650 |
|
4 |
|a Ηλεκτρονικό εμπόριο
|
| 650 |
|
4 |
|a Μαρκετινγκ
|
| 650 |
|
4 |
|a Πτυχιακή εργασία
|y 2005
|
| 700 |
1 |
|
|a Κόλλιας, Κωνσταντίνος
|
| 700 |
1 |
|
|a Τσαντιλάς, Αναστάσιος
|
| 710 |
0 |
|
|a Σ.Δ.Ο..
|b Τμήμα Λογιστικής
|
| 710 |
0 |
|
|a ΤΕΙ Πάτρας
|
| 856 |
4 |
0 |
|u https://nereus.library.upatras.gr/formerpat/ptyxiakes/sdo/sdo_log/2001-2005/6927pe.pdf
|
| 907 |
|
|
|a .b26761567
|b 15-04-20
|c 26-09-16
|
| 942 |
|
|
|2 ddc
|b LISK
|c ERST
|x GrPaTEI
|
| 952 |
|
|
|0 0
|1 0
|4 0
|7 0
|9 348077
|a LISK
|b LISK
|d 2021-11-12
|l 0
|r 2021-11-12 00:00:00
|w 2021-11-12
|y ERST
|x Μεταφορά από πΤΕΙ Δυτικής Ελλάδος
|
| 981 |
|
|
|p atra28584
|
| 998 |
|
|
|a 24
|b 15-01-16
|c m
|d u
|e -
|f gre
|g gr
|h 0
|
| 999 |
|
|
|c 202509
|d 202509
|